Los mártires de la república (Record no. 159058)
[ view plain ]
| 000 -LEADER | |
|---|---|
| campo de control de longitud fija | 01028nam a22001575i 4500 |
| 001 - NÚMERO DE CONTROL | |
| campo de control | 159058 |
| 003 - IDENTIFICADOR DE NÚMERO DE CONTROL | |
| campo de control | ES-MaACL |
| 005 - FECHA Y HORA DE LA ÚLTIMA TRANSACCIÓN | |
| campo de control | 20230906211430.0 |
| 008 - DATOS DE LONGITUD FIJA--INFORMACIÓN GENERAL | |
| campo de control de longitud fija | 040908s1873 sp |||| |cspa d |
| 040 ## - FUENTE DE CATALOGACIÓN | |
| Centro catalogador/agencia de origen | CAM |
| Lengua de catalogación | spa |
| Centro/agencia transcriptor | CAM |
| 245 04 - MENCIÓN DEL TÍTULO | |
| Título | Los mártires de la república |
| Resto del título | : cuadros históricos de los sufrimientos, de las penalidades, de los martirios de todos los grandes apóstoles de la idea republicana : episodios dramaticos é interesantes, de las existencias de Cuello, Terradas, Lincoln, Kossuth, Mazzini, Sixito Cámara y tantos otros, ilustres victimas de la tiranía : historia de la republica en general sintetizada en sus mártires / |
| Mención de responsabilidad, etc. | páginas trazadas por una sociedad de escritores republicanos. |
| 260 ## - PUBLICACIÓN, DISTRIBUCIÓN, ETC. | |
| Lugar de publicación, distribución, etc. | Barcelona : |
| Nombre del editor, distribuidor, etc. | Biblioteca Escogida, |
| Fecha de publicación, distribución, etc. | 1873 ( |
| Fabricante | Imprenta de El Porvenir de la viuda Bassas, á cargo de J. Medina) |
| 300 ## - DESCRIPCIÓN FÍSICA | |
| Extensión | 2 v. (624 p., [9] h. de lám.; 526 p., [9] h. de lám.) ; |
| Dimensiones | 24 cm. |
| 650 #4 - PUNTO DE ACCESO ADICIONAL DE MATERIA--TÉRMINO DE MATERIA | |
| Término de materia o nombre geográfico como elemento de entrada | Republicanismo- |
| Subdivisión de forma | Historia. |
| 9 (RLIN) | 16857 |
| 852 ## - LOCALIZACIÓN | |
| Ubicación | ES-MaACL |
| Número de control de estantería | G-1761 |
| Nota libre | -- Enc. perg. |
| -- | -- 2 t. en 1 v. |
| Estatus retirado | Estado de pérdida | Estado de daño | No para préstamo | Colección | Biblioteca de origen | Biblioteca actual | Ubicación en estantería | Fecha de adquisición | Fuente de adquisición | Total de préstamos | Signatura topográfica completa | Código de barras | Visto por última vez | Precio de reemplazo | Tipo de ítem Koha |
|---|---|---|---|---|---|---|---|---|---|---|---|---|---|---|---|
| Libros del s. XIX | Biblioteca del Ateneo de Madrid | Biblioteca del Ateneo de Madrid | Depósito 2 | 17/01/2008 | G-1761 | 1166508 | 23/02/2023 | 23/02/2023 | Libro impreso antiguo |
